Andaman nicobarinte charithram (Malayalam) (Record no. 42465)
[ view plain ]
| 000 -LEADER | |
|---|---|
| fixed length control field | 00381nam a2200133Ia 4500 |
| 020 ## - INTERNATIONAL STANDARD BOOK NUMBER | |
| ISBN | 817638383X |
| 082 ## - DEWEY DECIMAL CLASSIFICATION NUMBER | |
| Classification number | 908.541.9 |
| Item number | VIJ |
| 100 ## - MAIN ENTRY--AUTHOR NAME | |
| Personal name | Vijayan Madappally, C K |
| 245 #0 - TITLE STATEMENT | |
| Title | Andaman nicobarinte charithram (Malayalam) |
| 260 ## - PUBLICATION, DISTRIBUTION, ETC. (IMPRINT) | |
| Place of publication | Trivandrum |
| Name of publisher | Kerala Bhasha Institute |
| Year of publication | 2003 |
| 650 ## - SUBJECT ADDED ENTRY--TOPICAL TERM | |
| Topical Term | Andaman Nicobar Island |
| 942 ## - ADDED ENTRY ELEMENTS (KOHA) | |
| Koha item type | Books |
| Withdrawn status | Lost status | Damaged status | Not for loan | Home library | Current library | Date acquired | Cost, normal purchase price | Full call number | Accession Number | Koha item type |
|---|---|---|---|---|---|---|---|---|---|---|
| RRII Library | RRII Library | 16/12/2021 | 85.00 | 908.541.9 VIJ | 22737 | Books |